000 00485nam a2200193Ia 4500
003 OSt
005 20250716111056.0
008 210210b1971 xxu||||| |||| 00| 0 eng d
040 _cAL
082 _a954 MAJH
100 _aR C Majumdar
_9218924
245 _aHistory of the freedom movement in India 3V V2
260 _aCalcutta
_bFirma K L Mukhopadhyay
_c1971
300 _a509p.
440 _a2
_9218925
690 _aIndian History
_9218926
906 _a036812
942 _2ddc
_cBK
999 _c86967
_d86967